Asian Development Bank vs Asian Infrastructure Investment Bank bakalárska práca

Salvato in:
Dettagli Bibliografici
Autore principale: Kramarčík, Peter
Ente Autore: Národohospodárska fakulta EU. Katedra bankovníctva a medzinárodných financií
Altri autori: Zeman, Mário, 1993-
Natura: Libro
Lingua:slovacco
Pubblicazione: Bratislava 2021
Tags: Aggiungi Tag
Nessun Tag, puoi essere il primo ad aggiungerne!!

MARC

LEADER 00000nbm a2200000 4500
001 0275137
005 20220609134251.8
041 0 |a slo 
044 |a SK 
245 1 0 |a Asian Development Bank vs Asian Infrastructure Investment Bank  |b bakalárska práca  |c Peter Kramarčík ; školiteľ: Mário Zeman 
264 1 |a Bratislava  |c 2021 
300 |a 62 s. 
100 1 |a Kramarčík, Peter 
700 1 |a Zeman, Mário, 1993- 
710 2 |a Národohospodárska fakulta EU. Katedra bankovníctva a medzinárodných financií